Townships of Myanmar - Statistics

General Stats
  • This quiz has been taken 5 times
  • The average score is 3 of 330
Answer Stats
Region Aministrative Division District Township % Correct
Lower Myanmar Bago Region (East Bago Region) Bago District Bago
40%
West Myanmar Rakhine State Kyaukpyu District Ann
20%
West Myanmar Chin State Falam District Falam
20%
West Myanmar Chin State Hakha District Hakha
20%
Lower Myanmar Ayeyarwady Region Hinthada District Hinthada
20%
West Myanmar Chin State Hakha District Htantlang
20%
Lower Myanmar Ayeyarwady Region Kyonpyaw District Kyonpyaw
20%
Lower Myanmar Ayeyarwady Region Labutta District Labutta
20%
Central Myanmar Magway Region Magway District Magway
20%
North Myanmar Sagaing Region Sagaing District Sagaing
20%
West Myanmar Rakhine State Sittwe District Sittwe
20%
West Myanmar Chin State Tedim District Tiddim
20%
West Myanmar Chin State Tedim District Ton Zang
20%
Lower Myanmar Yangon Region West Yangon District Ahlone
0%
Central Myanmar Mandalay Region Mandalay District Amarapura
0%
Central Myanmar Magway Region Thayet District Aunglan
0%
Central Myanmar Mandalay Region Aungmyethazan District/Mandalay District Aungmyethazan
0%
North Myanmar Sagaing Region Monywa District Ayadaw
0%
Lower Myanmar Yangon Region West Yangon District Bahan
0%
North Myanmar Sagaing Region Katha District Banmauk
0%
East Myanmar Kayah State Bawlakhe District Bawlakhe
0%
North Myanmar Kachin State Bhamo District Bhamo
0%
South Myanmar Mon State Thaton District Bilin
0%
Lower Myanmar Ayeyarwady Region Pyapon District Bogale
0%
South Myanmar Tanintharyi Region Bokpyin District Bokpyin
0%
Lower Myanmar Yangon Region East Yangon District Botataung
0%
North Myanmar Sagaing Region Monywa District Budalin
0%
West Myanmar Rakhine State Maungdaw District Buthidaung
0%
Central Myanmar Mandalay Region Mandalay District Chanayethazan
0%
Central Myanmar Mandalay Region Mandalay District Chanmyathazi
0%
Central Myanmar Magway Region Magway District Chauck
0%
North Myanmar Sagaing Region Monywa District Chaung-U
0%
South Myanmar Mon State Mawlamyine District Chaungzon
0%
North Myanmar Kachin State Myitkyina District Chipwi
0%
Lower Myanmar Yangon Region South Yangon District Cocokyun
0%
Lower Myanmar Yangon Region West Yangon District Dagon
0%
Lower Myanmar Yangon Region East Yangon District Dagon Seikkan
0%
Lower Myanmar Bago Region (East Bago Region) Nyaunglebin District Daik-U
0%
Lower Myanmar Yangon Region South Yangon District Dala
0%
Lower Myanmar Ayeyarwady Region Ma-ubin District Danubyu
0%
Lower Myanmar Yangon Region East Yangon District Dawbon
0%
South Myanmar Tanintharyi Region Dawei District Dawei
0%
Lower Myanmar Ayeyarwady Region Pyapon District Dedaye
0%
Central Myanmar Naypyidaw Union Territory Dekkhina District(South Naypyidaw) Dekkhinathiri
0%
East Myanmar Kayah State Demoso District Demoso
0%
Lower Myanmar Yangon Region East Yangon District East Dagon
0%
Lower Myanmar Ayeyarwady Region Myaungmya District Einme
0%
Central Myanmar Magway Region Gangaw District Gangaw
0%
West Myanmar Rakhine State Thandwe District Gaw
0%
Lower Myanmar Bago Region (West Bago Region) Thayarwady District Gyobingauk
0%
North Myanmar Sagaing Region Hkamti District Hkamti
0%
South Myanmar Kayin State Hpa-an District Hlaignbwe
0%
Lower Myanmar Yangon Region West Yangon District Hlaing
0%
Lower Myanmar Yangon Region North Yangon District Hlaingthaya
0%
Lower Myanmar Yangon Region North Yangon District Hlegu
0%
Lower Myanmar Yangon Region North Yangon District Hmawbi
0%
North Myanmar Sagaing Region Hkamti District Homalin
0%
East Myanmar Wa Self-Administered Division Hopang District Hopang
0%
East Myanmar Pa-O Self-Administered Zone Taunggyi District Hopong
0%
South Myanmar Kayin State Hpa-an District Hpa-an
0%
North Myanmar Kachin State Mohnyin District Hpakant
0%
South Myanmar Kayin State Hpapun District Hpapun
0%
East Myanmar Kayah State Bawlakhe District Hpasawng
0%
East Myanmar Kayah State Demoso District Hpruso
0%
North Myanmar Kachin State Myitkyina District Hsawlaw
0%
East Myanmar Shan State (North Shan State) Lashio District Hsenwi
0%
East Myanmar Pa-O Self-Administered Zone Taunggyi District Hsi Hseng
0%
East Myanmar Shan State (North Shan State) Kyaukme District Hsipaw
0%
Lower Myanmar Yangon Region North Yangon District Htantabin
0%
North Myanmar Sagaing Region Katha District Indaw
0%
Lower Myanmar Ayeyarwady Region Myanaung District Ingapu
0%
North Myanmar Kachin State Myitkyina District Injangyang
0%
Lower Myanmar Yangon Region North Yangon District Insein
0%
East Myanmar Shan State (South Shan State) Taunggyi District Kalaw
0%
North Myanmar Sagaing Region Kale District Kale
0%
North Myanmar Sagaing Region Kale District Kalewa
0%
Lower Myanmar Yangon Region West Yangon District Kamayut
0%
Central Myanmar Magway Region Thayet District Kamma
0%
North Myanmar Sagaing Region Kanbalu District Kanbalu
0%
Lower Myanmar Ayeyarwady Region Pathein District Kangyidaunt
0%
North Myanmar Sagaing Region Yinmabin District Kani
0%
West Myanmar Chin State Mindat District Kanpetlet
0%
North Myanmar Sagaing Region Katha District Katha
0%
Lower Myanmar Bago Region (East Bago Region) Bago District Kawa
0%
Lower Myanmar Yangon Region South Yangon District Kawhmu
0%
South Myanmar Kayin State Kawkareik District Kawkareik
0%
North Myanmar Sagaing Region Kawlin District Kawlin
0%
North Myanmar Kachin State Putao District Kawnglanghpu
0%
South Myanmar Tanintharyi Region Kawthoung District Kawthoung
0%
Lower Myanmar Yangon Region South Yangon District Kayan
0%
East Myanmar Shan State (East Shan State) Kengtung District Kengtung
0%
North Myanmar Sagaing Region Shwebo District Khin-U
0%
East Myanmar Kokang Self-Administered Zone Laukkaing District Konkyan
0%
Lower Myanmar Yangon Region South Yangon District Kungyangon
0%
East Myanmar Shan State (South Shan State) Loilen District Kunhing
0%
East Myanmar Shan State (North Shan State) Lashio District Kunlong
0%
East Myanmar Shan State (North Shan State) Mu Se District Kutkai
0%
Lower Myanmar Ayeyarwady Region Pyapon District Kyaiklat
0%
South Myanmar Mon State Mawlamyine District Kyaikmaraw
0%
South Myanmar Mon State Thaton District Kyaikto
0%
South Myanmar Kayin State Kawkareik District Kyain Seikgyi
0%
Lower Myanmar Ayeyarwady Region Myanaung District Kyangin
0%
Lower Myanmar Bago Region (East Bago Region) Nyaunglebin District Kyaukkyi
0%
East Myanmar Shan State (North Shan State) Kyaukme District Kyaukme
0%
Central Myanmar Mandalay Region Nyaung-U District Kyaukpadaung
0%
West Myanmar Rakhine State Kyaukpyu District Kyaukpyu
0%
Central Myanmar Mandalay Region Kyaukse District Kyaukse
0%
Lower Myanmar Yangon Region West Yangon District Kyauktada
0%
Lower Myanmar Bago Region (East Bago Region) Nyaunglebin District Kyauktaga
0%
Lower Myanmar Yangon Region South Yangon District Kyauktan
0%
West Myanmar Rakhine State Mrauk-U District Kyauktaw
0%
Lower Myanmar Ayeyarwady Region Kyonpyaw District Kyaunggon
0%
East Myanmar Shan State (South Shan State) Loilen District Kyethi
0%
Lower Myanmar Yangon Region West Yangon District Kyimyindaing
0%
North Myanmar Sagaing Region Kanbalu District Kyunhla
0%
South Myanmar Tanintharyi Region Myeik District Kyunsu
0%
East Myanmar Shan State (South Shan State) Loilen District Lai-Hka
0%
East Myanmar Shan State (South Shan State) Langkho District Langkho
0%
Lower Myanmar Yangon Region West Yangon District Lanmadaw
0%
East Myanmar Shan State (North Shan State) Lashio District Lashio
0%
Lower Myanmar Yangon Region West Yangon District Latha
0%
East Myanmar Kokang Self-Administered Zone Laukkaing District Laukkaing
0%
South Myanmar Tanintharyi Region Dawei District Launglon
0%
East Myanmar Shan State (South Shan State) Taunggyi District Lawksawk
0%
North Myanmar Naga Self-Administered Zone Hkamti District Lehe
0%
Lower Myanmar Ayeyarwady Region Hinthada District Lemyethna
0%
North Myanmar Naga Self-Administered Zone Hkamti District Leshi
0%
Lower Myanmar Bago Region (West Bago Region) Thayarwady District Letpadan
0%
Central Myanmar Naypyidaw Union Territory Dekkhina District(South Naypyidaw) Lewe
0%
East Myanmar Kayah State Loikaw District Loikaw
0%
East Myanmar Shan State (South Shan State) Loilen District Loilen
0%
East Myanmar Shan State (North Shan State) Mongmit District Mabein
0%
North Myanmar Kachin State Putao District Machanbaw
0%
Central Myanmar Mandalay Region Aungmyethazan District Madaya
0%
Central Myanmar Mandalay Region Mandalay District Mahaaungmye
0%
Central Myanmar Mandalay Region Meiktila District Mahlaing
0%
West Myanmar Rakhine State Kyaukpyu District Manaung
0%
North Myanmar Kachin State Bhamo District Mansi
0%
East Myanmar Pa Laung Self-Administered Zone Kyaukme District Mantong
0%
East Myanmar Wa Self-Administered Division Matman District Matman
0%
West Myanmar Chin State Matupi District Matupi
0%
Lower Myanmar Ayeyarwady Region Ma-ubin District Maubin
0%
West Myanmar Rakhine State Maungdaw District Maungdaw
0%
East Myanmar Shan State (South Shan State) Langkho District Mawkmai
0%
North Myanmar Sagaing Region Mawlaik District Mawlaik
0%
South Myanmar Mon State Mawlamyine District Mawlamyine
0%
Lower Myanmar Ayeyarwady Region Labutta District Mawlamyinegyun
0%
Lower Myanmar Yangon Region West Yangon District Mayangon
0%
Central Myanmar Mandalay Region Meiktila District Meiktila
0%
East Myanmar Kayah State Mese District Mese
0%
Central Myanmar Magway Region Minbu District Minbu
0%
West Myanmar Rakhine State Mrauk-U District Minbya
0%
West Myanmar Chin State Mindat District Mindat
0%
Central Myanmar Magway Region Thayet District Mindon
0%
Lower Myanmar Yangon Region North Yangon District Mingaladon
0%
Lower Myanmar Yangon Region East Yangon District Mingala Taungnyunt
0%
North Myanmar Sagaing Region Kale District Mingin
0%
Lower Myanmar Bago Region (West Bago Region) Thayarwady District Minhla
0%
Central Myanmar Magway Region Thayet District Minhla
0%
North Myanmar Kachin State Mohnyin District Mogaung
0%
Central Myanmar Mandalay Region Thabeikkyin District Mogok
0%
North Myanmar Kachin State Mohnyin District Mohnyin
0%
North Myanmar Kachin State Bhamo District Momauk
0%
East Myanmar Shan State (East Shan State) Tachileik District Mong Hpayak
0%
East Myanmar Shan State (East Shan State) Mong Hsat District Mong Hsat
0%
East Myanmar Shan State (South Shan State) Loilen District Mong Hsu
0%
East Myanmar Shan State (East Shan State) Kengtung District Mong Khet
0%
East Myanmar Shan State (South Shan State) Loilen District Mong Kung
0%
East Myanmar Shan State (East Shan State) Kengtung District Mong La
0%
East Myanmar Wa Self-Administered Division Hopang District Mongmao
0%
East Myanmar Shan State (North Shan State) Mongmit District Mongmit
0%
East Myanmar Shan State (South Shan State) Langkho District Mong Nai
0%
East Myanmar Shan State (South Shan State) Langkho District Mong Pan
0%
East Myanmar Shan State (East Shan State) Kengtung District Mong Ping
0%
East Myanmar Shan State (East Shan State) Mong Hsat District Mong Tong
0%
East Myanmar Shan State (North Shan State) Lashio District Mongyai
0%
East Myanmar Shan State (East Shan State) Kengtung District Mong Yang
0%
East Myanmar Shan State (East Shan State) Tachileik District Mong Yawng
0%
Lower Myanmar Bago Region (West Bago Region) Thayarwady District Monyo
0%
North Myanmar Sagaing Region Monywa District Monywa
0%
West Myanmar Rakhine State Mrauk-U District Mrauk-U
0%
South Myanmar Mon State Mawlamyine District Mudon
0%
East Myanmar Shan State (North Shan State) Mu Se District Mu Se
0%
Central Myanmar Magway Region Pakokku District Myaing
0%
Lower Myanmar Ayeyarwady Region Myanaung District Myanaung
0%
North Myanmar Sagaing Region Sagaing District Myaung
0%
Lower Myanmar Ayeyarwady Region Myaungmya District Myaungmya
0%
South Myanmar Kayin State Myawaddy District Myawaddy
0%
West Myanmar Rakhine State Mrauk-U District Myebon
0%
South Myanmar Tanintharyi Region Myeik District Myeik
0%
Central Myanmar Mandalay Region Myingyan District Myingyan
0%
North Myanmar Sagaing Region Sagaing District Myinmu
0%
North Myanmar Kachin State Myitkyina District Myitkyina
0%
Central Myanmar Mandalay Region Kyaukse District Myittha
0%
Central Myanmar Magway Region Magway District Myothit
0%
East Myanmar Shan State (North Shan State) Mu Se District Namhkam
0%
East Myanmar Pa Laung Self-Administered Zone Kyaukme District Namhsan
0%
East Myanmar Wa Self-Administered Division Matman District Namphan
0%
East Myanmar Shan State (North Shan State) Kyaukme District Namtu
0%
East Myanmar Shan State (South Shan State) Loilen District Nansang
0%
North Myanmar Naga Self-Administered Zone Hkamti District Nanyun
0%
Central Myanmar Magway Region Magway District Natmauk
0%
Central Myanmar Mandalay Region Myingyan District Natogyi
0%
Lower Myanmar Bago Region (West Bago Region) Nattalin District Nattalin
0%
East Myanmar Shan State (North Shan State) Kyaukme District Nawnghkio
0%
Central Myanmar Mandalay Region Myingyan District Nganzun
0%
Central Myanmar Magway Region Minbu District Ngape
0%
Lower Myanmar Ayeyarwady Region Pathein District Ngapudaw
0%
North Myanmar Kachin State Putao District Nogmung
0%
Lower Myanmar Yangon Region East Yangon District North Dagon
0%
Lower Myanmar Yangon Region East Yangon District North Okkalapa
0%
Lower Myanmar Ayeyarwady Region Ma-ubin District Nyaungdon
0%
Lower Myanmar Bago Region (East Bago Region) Nyaunglebin District Nyaunglebin
0%
East Myanmar Shan State (South Shan State) Taunggyi District Nyaungshwe
0%
Central Myanmar Mandalay Region Nyaung-U District Nyaung-U
0%
Lower Myanmar Bago Region (West Bago Region) Thayarwady District Okpho
0%
Lower Myanmar Bago Region (East Bago Region) Taungoo District Oktwin
0%
Central Myanmar Naypyidaw Union Territory Ottara District(North Naypyidaw) Ottarathiri
0%
Lower Myanmar Yangon Region West Yangon District Pabedan
0%
Lower Myanmar Bago Region (West Bago Region) Pyay District Padaung
0%
Central Myanmar Magway Region Pakokku District Pakokku
0%
South Myanmar Tanintharyi Region Myeik District Palaw
0%
North Myanmar Sagaing Region Yinmabin District Pale
0%
West Myanmar Chin State Matupi District Paletwa
0%
East Myanmar Wa Self-Administered Division Matman District Pangsang
0%
East Myanmar Wa Self-Administered Division Hopang District Pangwaun
0%
Lower Myanmar Ayeyarwady Region Ma-ubin District Pantanaw
0%
Lower Myanmar Ayeyarwady Region Pathein District Pathein
0%
Central Myanmar Mandalay Region Aungmyethazan District/ Mandalay District Patheingyi
0%
Central Myanmar Magway Region Pakokku District Pauk
0%
Lower Myanmar Bago Region (West Bago Region) Pyay District Paukkaung
0%
West Myanmar Rakhine State Sittwe District Pauktaw
0%
South Myanmar Mon State Thaton District Paung
0%
North Myanmar Sagaing Region Mawlaik District Paungbyin
0%
Lower Myanmar Bago Region (West Bago Region) Nattalin District Paungde
0%
Lower Myanmar Yangon Region East Yangon District Pazundaung
0%
East Myanmar Shan State (South Shan State) Taunggyi District Pekon
0%
East Myanmar Danu Self-Administered Zone Taunggyi District Pingdaya
0%
East Myanmar Pa-O Self-Administered Zone Taunggyi District Pinlaung
0%
North Myanmar Sagaing Region Kawlin District Pinlebu
0%
Central Myanmar Naypyidaw Union Territory Ottara District(North Naypyidaw) Pobbathiri
0%
West Myanmar Rakhine State Sittwe District Ponnagyun
0%
North Myanmar Kachin State Putao District Putao
0%
Central Myanmar Magway Region Minbu District Pwintbyu
0%
Lower Myanmar Ayeyarwady Region Pyapon District Pyapon
0%
Central Myanmar Mandalay Region Yamethin District Pyawbwe
0%
Lower Myanmar Bago Region (West Bago Region) Pyay District Pyay
0%
Central Myanmar Mandalay Region Mandalay District Pyigyidagun
0%
Central Myanmar Naypyidaw Union Territory Dekkhina District(South Naypyidaw) Pyinmana
0%
Central Myanmar Mandalay Region Pyinoolwin District Pyinoolwin
0%
Lower Myanmar Bago Region (East Bago Region) Taungoo District Pyu
0%
West Myanmar Rakhine State Kyaukpyu District Ramree
0%
West Myanmar Rakhine State Sittwe District Rathedaung
0%
Central Myanmar Magway Region Minbu District Salin
0%
North Myanmar Sagaing Region Yinmabin District Salingyi
0%
Lower Myanmar Yangon Region West Yangon District Sanchaung
0%
Central Myanmar Magway Region Gangaw District Saw
0%
Lower Myanmar Yangon Region West Yangon District Seikkan
0%
Lower Myanmar Yangon Region South Yangon District Seikkyi Kanaungto
0%
Central Myanmar Magway Region Pakokku District Seikphyu
0%
East Myanmar Kayah State Loikaw District Shadaw
0%
North Myanmar Sagaing Region Shwebo District Shwebo
0%
Lower Myanmar Bago Region (West Bago Region) Pyay District Shwedaung
0%
North Myanmar Kachin State Bhamo District Shwegu
0%
Lower Myanmar Bago Region (East Bago Region) Nyaunglebin District Shwegyin
0%
Lower Myanmar Yangon Region North Yangon District Shwepyitha
0%
Central Myanmar Magway Region Minbu District Sidoktaya
0%
Central Myanmar Magway Region Thayet District Sinbaungwe
0%
Central Myanmar Mandalay Region Thabeikkyin District Singu
0%
Central Myanmar Mandalay Region Kyaukse District Sintgaing
0%
Lower Myanmar Yangon Region East Yangon District South Dagon
0%
Lower Myanmar Yangon Region East Yangon District South Okkalapa
0%
North Myanmar Kachin State Putao District Sumprabum
0%
North Myanmar Sagaing Region Shwebo District Tabayin
0%
East Myanmar Shan State (East Shan State) Tachileik District Tachileik
0%
Central Myanmar Mandalay Region Kyaukse District Tada-U
0%
Lower Myanmar Yangon Region North Yangon District Taikkyi
0%
North Myanmar Sagaing Region Tamu District Tamu
0%
Lower Myanmar Yangon Region East Yangon District Tamwe
0%
North Myanmar Kachin State Myitkyina District Tanai
0%
East Myanmar Shan State (North Shan State) Lashio District Tangyan
0%
South Myanmar Tanintharyi Region Myeik District Tanintharyi
0%
Lower Myanmar Bago Region (East Bago Region) Taungoo District Tantabin
0%
Central Myanmar Naypyidaw Union Territory Ottara District(North Naypyidaw) Tatkon
0%
Central Myanmar Magway Region Magway District Taungdwingyi
0%
East Myanmar Shan State (South Shan State) Taunggyi District Taunggyi
0%
Lower Myanmar Bago Region (East Bago Region) Taungoo District Taungoo
0%
North Myanmar Sagaing Region Shwebo District Taze
0%
Lower Myanmar Ayeyarwady Region Pathein District Thabaung
0%
Central Myanmar Mandalay Region Thabeikkyin District Thabeikkyin
0%
Lower Myanmar Yangon Region East Yangon District Thaketa
0%
Lower Myanmar Bago Region (East Bago Region) Bago District Thanatpin
0%
South Myanmar Mon State Mawlamyine District Thanbyuzayat
0%
South Myanmar Kayin State Hpa-an District Thandaunggyi
0%
West Myanmar Rakhine State Thandwe District Thandwe
0%
Lower Myanmar Yangon Region South Yangon District Thanlyin
0%
South Myanmar Mon State Thaton District Thaton
0%
Central Myanmar Mandalay Region Myingyan District Thaungtha
0%
Lower Myanmar Bago Region (West Bago Region) Thayarwady District Thayarwady
0%
Central Myanmar Magway Region Thayet District Thayet
0%
South Myanmar Tanintharyi Region Dawei District Thayetchaung
0%
Central Myanmar Mandalay Region Meiktila District Thazi
0%
Lower Myanmar Bago Region (West Bago Region) Nattalin District Thegon
0%
Lower Myanmar Yangon Region East Yangon District Thingangyun
0%
Lower Myanmar Yangon Region South Yangon District Thongwa
0%
North Myanmar Sagaing Region Katha District Tigyaing
0%
Central Myanmar Magway Region Gangaw District Tilin
0%
West Myanmar Rakhine State Thandwe District Toungup
0%
Lower Myanmar Yangon Region South Yangon District Twante
0%
North Myanmar Kachin State Myitkyina District Waingmaw
0%
Lower Myanmar Ayeyarwady Region Myaungmya District Wakema
0%
Lower Myanmar Bago Region (East Bago Region) Bago District Waw
0%
North Myanmar Sagaing Region Shwebo District Wetlet
0%
Central Myanmar Mandalay Region Meiktila District Wundwin
0%
North Myanmar Sagaing Region Kawlin District Wuntho
0%
Central Myanmar Mandalay Region Yamethin District Yamethin
0%
Lower Myanmar Yangon Region East Yangon District Yankin
0%
South Myanmar Mon State Mawlamyine District Ye
0%
South Myanmar Tanintharyi Region Dawei District Yebyu
0%
Lower Myanmar Bago Region (East Bago Region) Taungoo District Yedashe
0%
Lower Myanmar Ayeyarwady Region Kyonpyaw District Yekyi
0%
Central Myanmar Magway Region Magway District Yenangyaung
0%
Central Myanmar Magway Region Pakokku District Yesagyo
0%
North Myanmar Sagaing Region Shwebo District Ye-U
0%
North Myanmar Sagaing Region Yinmabin District Yinmabin
0%
East Myanmar Danu Self-Administered Zone Taunggyi District Ywangan
0%
Central Myanmar Naypyidaw Union Territory Dekkhina District(South Naypyidaw) Zabuthiri
0%
Lower Myanmar Ayeyarwady Region Hinthada District Zalun
0%
Central Myanmar Naypyidaw Union Territory Ottara District(North Naypyidaw) Zeyarthiri
0%
Lower Myanmar Bago Region (West Bago Region) Nattalin District Zigon
0%
No matching quizzes found
Score Distribution
Percent of People with Each Score
Percentile by Number Answered
Your Score History
You have not taken this quiz